| 000 | 00777nam a2200205Ia 4500 | ||
|---|---|---|---|
| 001 | 5031 | ||
| 003 | GE_BSU | ||
| 008 | 181216s||||||||xx |||||||||||||| ||und|| | ||
| 040 | _cGE_BSU | ||
| 100 | _aМихаилов,В.В. | ||
| 245 | _aПредварительно напряженные железобетонные конструкции(теория расчет и подбор сечении). | ||
| 245 | _bУчебн. пособ. | ||
| 245 | _cРед. Т.В.Горячева. | ||
| 260 | _aМ. | ||
| 260 | _bГосстройиздат. | ||
| 260 | _c1963. | ||
| 300 | _a607стр. 27 см. с илл. Библиогр.:стр.601. | ||
| 653 | _aПредварительно напряженные железобетонные конструкции. | ||
| 942 | _cBK | ||
| 999 |
_c38721 _d38721 |
||